书目信息 |
| 题名: |
历史生活舞蹈伴奏曲集
|
|
| 作者: | 覃超 , 王毅 , 吴卉 编 | |
| 分册: | ||
| 出版信息: | 上海 上海音乐出版社 2011.12 |
|
| 页数: | 187页 | |
| 开本: | 30cm | |
| 丛书名: | ||
| 单 册: | ||
| 中图分类: | J655.6 , J657.41 | |
| 科图分类: | ||
| 主题词: | 芭蕾舞--舞曲--作品集--世界 , 钢琴曲--作品集--世界 , 芭蕾舞 , 舞曲 , 钢琴曲 | |
| 电子资源: | ||
| ISBN: | 978-7-80751-866-2 | |
| 000 | 01230nam0 2200349 450 | |
| 001 | 010050029261 | |
| 005 | 20140612095818.88 | |
| 010 | @a978-7-80751-866-2@dCNY48.00 | |
| 100 | @a20120321d2011 em y0chiy0110 ea | |
| 101 | 0 | @achi |
| 102 | @aCN@b310000 | |
| 105 | @ag z 000yy | |
| 106 | @ar | |
| 200 | 1 | @a历史生活舞蹈伴奏曲集@9li shi sheng huo wu dao ban zou qu ji@f覃超,王毅,吴卉编 |
| 210 | @a上海@c上海音乐出版社@d2011.12 | |
| 215 | @a187页@d30cm | |
| 300 | @a北京舞蹈学院芭蕾舞系精品课程配套曲集 | |
| 312 | @a封面英文题名:Piano accompaniments of historical social dances | |
| 330 | @a本书选编了90首乐曲,大致分为“中世纪的生活舞蹈音乐”、“文艺复兴时期的生活舞蹈音乐”、“18世纪的生活舞蹈音乐”、“19世纪的生活舞蹈音乐”、“舞剧中的生活舞蹈音乐选段”五个部分。 | |
| 510 | 1 | @aPiano accompaniments of historical social dances@zeng |
| 606 | 0 | @a芭蕾舞@x舞曲@x作品集@y世界 |
| 606 | 0 | @a钢琴曲@x作品集@y世界 |
| 606 | 0 | @a芭蕾舞 |
| 606 | 0 | @a舞曲 |
| 606 | 0 | @a钢琴曲 |
| 690 | @aJ655.6@v5 | |
| 690 | @aJ657.41@v5 | |
| 701 | 0 | @a覃超@9qin chao@4编 |
| 701 | 0 | @a王毅@9wang yi@c(音乐)@4编 |
| 701 | 0 | @a吴卉@9wu hui@c(女)@4编 |
| 801 | 0 | @aCN@bNLC@c20120420 |
| 905 | @b549309-11@dJ655.6@e554@f3 | |
| 历史生活舞蹈伴奏曲集/覃超,王毅,吴卉编.-上海:上海音乐出版社,2011.12 |
| 187页;30cm |
| 北京舞蹈学院芭蕾舞系精品课程配套曲集 |
| ISBN 978-7-80751-866-2:CNY48.00 |
| 本书选编了90首乐曲,大致分为“中世纪的生活舞蹈音乐”、“文艺复兴时期的生活舞蹈音乐”、“18世纪的生活舞蹈音乐”、“19世纪的生活舞蹈音乐”、“舞剧中的生活舞蹈音乐选段”五个部分。 |
| ● |
| 相关链接 |
|
|
|
|
正题名:历史生活舞蹈伴奏曲集
索取号:J655.6/554
 
预约/预借
| 序号 | 登录号 | 条形码 | 馆藏地/架位号 | 状态 | 备注 |
| 1 | 549309 | 205493090 | 第一样本阅览室/ [索取号:J655.6/554] | 在馆 | |
| 2 | 549310 | 205493107 | 第一借阅区/ [索取号:J655.6/554] | 在馆 | |
| 3 | 549311 | 205493116 | 第一借阅区/ [索取号:J655.6/554] | 在馆 |